[Event "Tourn. n10296"]
[Site "www.chess-mail.com"]
[Date "2020.03.25"]
[Round "1"]
[White "Rons"]
[Black "Numanoid"]
[WhiteElo "2620"]
[BlackElo "2770"]
[Result "1/2-1/2"]
[Round "1"]
1.e4 e6
2.d4 d5
3.Nb1c3 Ng8f6
4.e5 Nf6d7
5.f4 c5
6.Ng1f3 Nb8c6
7.Bc1e3 a6
8.Nc3e2 Qd8b6
9.Ra1b1 f6
10.c3 Bf8e7
11.Be3f2 O-O
12.g3 cxd4
13.Ne2xd4 Nc6xd4
14.Bf2xd4 Be7c5
15.exf6 gxf6
16.b4 Bc5xd4
17.cxd4 Kh8
18.Bf1e2 e5
19.fxe5 fxe5
20.dxe5 Rf8xf3
21.Be2xf3 Nd7xe5
22.Qd1e2 Ne5xf3
23.Qe2xf3 Bc8h3
24.Qf3f4 Bh3g2
25.Qf4e5 Kg8
26.Rh1f1 Bg2xf1
27.Qe5xd5 Kh8
28.Kxf1 Ra8f8
29.Kg2 Qb6f2
30.Kh3 Rf8f5
31.Qd5e4 Rf5h5
32.Kg4 Rh5xh2
33.Qe4e5 Kg8
34.Rb1d1 Qf2e2
{ draw }
1/2-1/2

[Event "Tourn. n10258"]
[Site "www.chess-mail.com"]
[Date "2020.03.25"]
[Round "1"]
[White "Marbachess"]
[Black "Rons"]
[WhiteElo "2560"]
[BlackElo "2580"]
[Result "1/2-1/2"]
[Round "1"]
1.f4 c5
2.b3 Nb8c6
3.Bc1b2 Ng8f6
4.Ng1f3 g6
5.Nb1c3 Bf8g7
6.Nc3e4 d6
7.Ne4xf6 Bg7xf6
8.Bb2xf6 exf6
9.e3 O-O
10.c3 d5
11.Bf1b5 Qd8b6
12.Qd1e2 Rf8e8
13.O-O Bc8f5
14.Bb5a4 a6
15.Rf1e1 Qb6c7
16.Ba4xc6 Qc7xc6
17.Nf3h4 Bf5d7
18.Nh4f3 Kg7
19.h3 b6
20.d3 Bd7f5
21.Qe2d2 Qc6c7
22.Ra1b1 Re8e7
23.Nf3h4 Bf5e6
24.Nh4f3 Ra8e8
25.Rb1c1 Be6f5
26.Nf3h4 Bf5d7
27.Nh4f3 Re7e6
28.c4 dxc4
29.Rc1xc4 Bd7b5
30.Rc4c2 Bb5c6
31.b4 Bc6xf3
32.gxf3 Re6d6
33.bxc5 bxc5
34.d4 Qc7b7
35.Rc2xc5 Qb7xf3
36.Kh2 h5
37.Rc5c3 Re8e4
38.h4 Kh7
39.Qd2g2 Qf3xg2
40.Kxg2 Rd6xd4
41.exd4 Re4xe1
42.d5 Re1d1
43.Rc3c6 Rd1xd5
44.Rc6xa6 Rd5d2
45.Kg3 Kg7
46.a4 Rd2d3
47.Kg2 Rd3b3
48.a5 Rb3a3
49.Ra6a8 Kh7
50.Ra8a7 Kg8
51.Ra7a8 Kg7
52.a6 Ra3a1
53.Kg3 Ra1a2
54.Kf3 Ra2a5
55.a7 Ra5a3
56.Kg2 Ra3a1
57.Kf3 Ra1a4
58.Kg3 Ra4a6
59.Kf3 f5
60.Ke3 f6
61.Kf3 Ra6a5
62.Kg3 Ra5a4
{ draw }
1/2-1/2

[Event "Tourn. n10314"]
[Site "www.chess-mail.com"]
[Date "2020.03.25"]
[Round "1"]
[White "Jerome"]
[Black "Rons"]
[WhiteElo "2870"]
[BlackElo "2630"]
[Result "1-0"]
[Round "1"]
1.e4 c5
2.Ng1f3 d6
3.d4 cxd4
4.Nf3xd4 Ng8f6
5.Nb1c3 a6
6.Bc1g5 Nb8d7
7.Qd1e2 h6
8.Bg5h4 g6
9.f4 e5
10.fxe5 dxe5
11.O-O-O Qd8c7
12.Nd4b3 b5
13.Kb1 Bc8b7
14.Nc3d5 Nf6xd5
15.exd5 Ra8c8
16.Bh4e1 h5
17.a3 Bf8d6
18.Be1a5 Nd7f6
19.Ba5xc7 { resign }
1-0

[Event "Match"]
[Site "www.echecsemail.com"]
[Date "2020.03.25"]
[Round "1"]
[White "Calponas"]
[Black "Stevep84"]
[WhiteElo "2070"]
[BlackElo "2290"]
[Result "0-1"]
[Round "1"]
1.d4 Ng8f6
2.c4 e5
3.dxe5 Nf6g4
4.Ng1f3 d6
5.Bc1f4 Nb8c6
6.exd6 Bf8xd6
7.Bf4g3 Bd6b4
8.Nb1d2 O-O
9.e3 b6
10.Bf1e2 Bc8b7
11.O-O Rf8e8
12.a3 Bb4d6
13.Qd1c2 Bd6xg3
14.hxg3 Qd8f6
15.Rf1d1 Qf6h6
16.Nf3h4 Ng4xe3
17.fxe3 Qh6xe3
{ resign }
0-1

[Event "Tourn. n10294"]
[Site "www.chess-mail.com"]
[Date "2020.03.25"]
[Round "1"]
[White "Roque1"]
[Black "Amaya"]
[WhiteElo "1820"]
[BlackElo "1990"]
[Result "0-1"]
[Round "1"]
1.e4 e6
2.d4 d5
3.e5 c5
4.Ng1f3 c4
5.b3 b5
6.Bc1e3 Ng8e7
7.Nb1c3 a6
8.Bf1e2 Ne7f5
9.Qd1d2 Bf8b4
10.O-O Nb8d7
11.a3 Bb4a5
12.b4 Ba5b6
13.a4 Bc8b7
14.a5 Bb6a7
15.Nf3g5 Ba7xd4
16.Be3xd4 Nf5xd4
17.Ng5xf7 Nd4xe2
18.Qd2xe2 Kxf7
19.f4 Rh8f8
20.Qe2h5 Kg8
21.Rf1f3 Rf8f5
22.Qh5g4 Nd7f8
23.Nc3e2 d4
24.Ne2g3 Bb7xf3
25.gxf3 Rf5f7
26.Ng3h5 Nf8g6
27.Kh1 d3
28.c3 d2
29.Ra1d1 Qd8d3
30.Qg4xe6 Qd3xf3
31.Kg1 Qf3xd1
32.Kf2 Qd1e1
33.Kf3 d1Q
34.Kg2 Qd1e2
35.Kh3 Qe1h4

0-1

[Event "Tourn. n10295"]
[Site "www.chess-mail.com"]
[Date "2020.03.25"]
[Round "1"]
[White "Bevittsmith"]
[Black "Bira47"]
[WhiteElo "2290"]
[BlackElo "2050"]
[Result "1-0"]
[Round "1"]
1.e4 c5
2.Ng1f3 e6
3.d4 cxd4
4.Nf3xd4 a6
5.c4 b6
6.Bf1e2 Bc8b7
7.Nb1c3 Bf8b4
8.Be2f3 h6
9.Bc1d2 Bb4xc3
10.Bd2xc3 Ng8f6
11.Qd1e2 O-O
12.e5 Nf6d5
13.cxd5 Bb7xd5
14.Bf3xd5 exd5
15.Qe2g4 Qd8g5
16.Qg4xg5 hxg5
17.O-O Nb8c6
18.Nd4xc6 dxc6
19.g3 c5
20.b3 d4
21.Bc3d2 f6
22.exf6 gxf6
23.f4 g4
24.Rf1e1 Ra8e8
25.Re1xe8 Rf8xe8
26.Ra1e1 Re8xe1
27.Bd2xe1 f5
28.Kg2 Kf7
29.h3 b5
30.hxg4 fxg4
31.Kf2 Ke6
32.Ke2 c4
33.bxc4 bxc4
34.Kd2 Kf5
35.Be1f2 d3
36.Bf2d4 Ke4
37.Bd4e5 Kf5
38.Ke3 a5
39.a4 Ke6
40.Be5c3 Kd5
41.Bc3xa5  { time }
1-0

[Event "Tourn. n10314"]
[Site "www.chess-mail.com"]
[Date "2020.03.25"]
[Round "1"]
[White "Jose"]
[Black "Chessutopia"]
[WhiteElo "2850"]
[BlackElo "2850"]
[Result "1-0"]
[Round "1"]
1.d4 Ng8f6
2.c4 d6
3.Ng1f3 Nb8c6
4.Nb1c3 Bc8d7
5.e4 e5
6.d5 Nc6e7
7.Bf1e2 a6
8.a4 h6
9.a5 Ne7g6
10.h4 Ng6f4
11.Be2f1 g6
12.g3 Nf4h5
13.Nf3h2 Bf8g7
14.Bf1e2 O-O
15.O-O Qd8e7
16.Bc1e3 Kh8
17.Ra1c1  { time }
1-0

[Event "Match"]
[Site "www.echecsemail.com"]
[Date "2020.03.25"]
[Round "1"]
[White "Stevep84"]
[Black "Liencam2"]
[WhiteElo "2280"]
[BlackElo "2230"]
[Result "0-1"]
[Round "1"]
1.e4 c5
2.Ng1f3 e6
3.d4 cxd4
4.Nf3xd4 a6
5.Bf1d3 Bf8c5
6.Nd4b3 Bc5a7
7.Qd1g4 Ng8f6
8.Qg4xg7 Rh8g8
9.Qg7h6 Ba7xf2
10.Ke2 Rg8g6
11.Qh6xg6 hxg6
12.Kxf2 Nb8c6
13.Nb1c3 Qd8c7
14.g3 Nf6g4
15.Kg2 b6
16.Bc1f4 d6
17.h4 Bc8b7
18.h5 gxh5
19.Rh1xh5 O-O-O
20.Rh5h4 Rd8g8
21.Ra1h1 e5
22.Rh4h8 Qc7d8
23.Rh8xg8 Qd8xg8
24.Bf4d2 Nc6b4
25.Nc3a4 Nb4xd3
26.cxd3 b5
27.Na4c3 f5
28.Nb3a5 Bb7a8
29.Rh1e1 Ng4f6
30.Kf2 Qg8g4
31.Re1h1 Nf6h5
32.Nc3e2 fxe4
33.dxe4 Ba8xe4
34.Rh1c1 Kd7
35.Rc1f1 Be4d3
36.Rf1e1 Bd3xe2
37.Re1xe2 Nh5xg3
38.Re2e1 Ng3e4
39.Re1xe4 Qg4xe4
40.Na5b3 Qe4c2
41.Ke3 Qc2xb2
42.Nb3c1 d5
43.Nc1d3 Qb2d4
44.Ke2 Ke6
45.a3 Qd4c4
46.Bd2b4 e4
{ resign }
0-1

[Event "Pariolinius great tourney"]
[Site "www.echecsemail.com"]
[Date "2020.03.25"]
[Round "1"]
[White "Coraza"]
[Black "Ket"]
[WhiteElo "1900"]
[BlackElo "2029"]
[Result "0-1"]
[Round "1"]
1.Ng1f3 d5
2.d4 Ng8f6
3.Nb1c3 e6
4.Bc1g5 c5
5.Qd1d2 Nb8c6
6.O-O-O Bf8e7
7.Bg5xf6 Be7xf6
8.dxc5 Qd8a5
9.h4 Bf6xc3
10.Qd2xc3 Qa5xc3
11.bxc3 O-O
12.e3 e5
13.Bf1b5 Bc8g4
14.Rd1xd5 Bg4e6
15.Rd5d6 e4
16.Nf3d2 Be6xa2
17.c4 a6
18.Bb5xc6 bxc6
19.Rd6xc6 Rf8b8
20.Kd1 Rb8b4
21.Nd2xe4 Rb4b1
22.Ke2 Ba2xc4
23.Kf3 Rb1xh1
24.Ne4d6 Bc4d5
25.Kg3 Bd5xc6
26.Nd6c4 a5
27.Nc4a3 Rh1g1
28.f3 Ra8b8
29.Kh2 Rg1a1
30.Na3c4 Rb8b4
31.Nc4e5 Bc6b5
32.c6 Bb5xc6
33.Ne5xc6 Rb4xh4
34.Kg3 Rh4c4
35.Nc6d4 a4
36.f4 Ra1a3
37.Kf3 Rc4xd4
38.Kf2 Rd4d2
39.Kf3 Rd2xc2
40.g4 Ra3c3
41.f5 a3
{ resign }
0-1

[Event "Tourn. n10310"]
[Site "www.chess-mail.com"]
[Date "2020.03.26"]
[Round "1"]
[White "Patriciomeza"]
[Black "D4minance"]
[WhiteElo "2430"]
[BlackElo "2870"]
[Result "1/2-1/2"]
[Round "1"]
1.e4 c5
2.Ng1f3 d6
3.d4 cxd4
4.Nf3xd4 Ng8f6
5.Nb1c3 a6
6.Bc1g5 e6
7.f4 h6
8.Bg5h4 Qd8b6
9.Qd1d2 Qb6xb2
10.Ra1b1 Qb2a3
11.e5 dxe5
12.fxe5 g5
13.exf6 gxh4
14.Bf1e2 Qa3a5
15.O-O Nb8d7
16.Kh1 Qa5g5
17.Rf1f4 e5
18.Nc3d5 exd4
19.Qd2xd4 Kd8
20.Nd5e7 Qg5e5
21.Qd4d2 Bf8xe7
22.fxe7 Qe5xe7
23.Be2g4 f5
24.Rf4xf5 Rh8e8
25.Rf5d5 b6
26.h3 Kc7
27.Qd2xh6 { draw }
1/2-1/2

[Event "Tourn. n10284"]
[Site "www.chess-mail.com"]
[Date "2020.03.26"]
[Round "1"]
[White "Vasylpuzanov"]
[Black "Agmdiazj"]
[WhiteElo "1590"]
[BlackElo "1979"]
[Result "0-1"]
[Round "1"]
1.d4 Ng8f6
2.c4 c5
3.e3 g6
4.Ng1f3 Bf8g7
5.Nb1c3 O-O
6.Bf1e2 cxd4
7.exd4 d5
8.cxd5 Nf6xd5
9.O-O Nb8c6
10.a3 Bc8e6
11.Ra1b1 a6
12.h3 b5
13.Nc3xd5 Be6xd5
14.Bc1e3 Ra8c8
15.Qd1d2 Qd8b6
16.Rf1d1 Rf8d8
17.b4 Qb6b7
18.Rb1c1 e5
19.Qd2b2 Nc6xd4
20.Be3xd4 exd4
21.Rc1xc8 { time. }
0-1

[Event "Tourn. n10285"]
[Site "www.chess-mail.com"]
[Date "2020.03.26"]
[Round "1"]
[White "Obisporey"]
[Black "Virgil08bv"]
[WhiteElo "2560"]
[BlackElo "2740"]
[Result "0-1"]
[Round "1"]
1.e4 c5
2.Ng1f3 d6
3.d4 cxd4
4.Nf3xd4 Ng8f6
5.Nb1c3 a6
6.a3 e5
7.Nd4f5 d5
8.Bc1g5 d4
9.Bg5xf6 gxf6
10.Nc3b1 Qd8b6
11.Nb1d2 Bc8e6
12.Bf1c4 Qb6c6
13.Qd1e2 Nb8d7
14.O-O O-O-O
15.Bc4b3 Kb8
16.Qe2h5 Nd7c5
17.Rf1e1 Nc5xb3
18.cxb3 Qc6c2
19.Qh5h4 Be6xf5
20.Qh4xf6 Bf8d6
21.Nd2c4 Bf5g6
22.Re1c1 Qc2xb3
23.Nc4xd6 Qb3b6
24.Nd6e8 Qb6xf6
25.Ne8xf6 Rd8d6
26.Nf6g4 f6
27.f3 a5
28.Rc1c5 Bg6f7
29.Rc5xa5 Rh8c8
30.Ra1d1 Rc8c2
31.f4 exf4
32.Ra5f5 Bf7b3
33.Rf5xf6 Rd6d8
34.Rf6xf4 d3
35.Rd1f1 Rc2xb2
36.Rf4f8 Rd8xf8
37.Rf1xf8 Kc7
38.Rf8h8 d2
39.Ng4e3 Rb2b1
40.Kf2 Rb1e1
41.Rh8xh7 Kd6
42.Rh7h8 Kd7
43.Rh8h7 Ke6
44.Rh7h6 Ke5
45.Rh6h8 Re1xe3
46.Rh8d8 Re3xe4
47.Rd8xd2 Re4a4
48.Rd2e2 Kd4
49.Re2d2 Kc3
50.Rd2d8 Ra4xa3
51.g4 b5
52.h4 Bb3c4
53.h5 b4
54.h6 Ra3a7
55.g5 Ra7h7
56.Rd8d1 b3
57.Rd1c1 Kd3
{ resign }
0-1

[Event "Match"]
[Site "www.echecsemail.com"]
[Date "2020.03.26"]
[Round "1"]
[White "Eeze"]
[Black "Sonny1000"]
[WhiteElo "1700"]
[BlackElo "1630"]
[Result "0-1"]
[Round "1"]
1.e4 e5
2.Ng1f3 Qd8f6
3.c3 Qf6g6
4.d3 Bf8c5
5.Nf3xe5 Qg6e6
6.d4 Bc5b6
7.Bf1d3 g6
8.h3 Bb6a5
9.O-O Ng8f6
10.Bc1h6 Nf6h5
11.Nb1d2 Nb8c6
12.Bd3c4 Qe6d6
13.Ne5xf7 Qd6f6
14.e5 Qf6h4
15.Bh6g5 Qh4xg5
16.Nf7xg5 h6
17.Ng5e4 Nc6e7
18.Ne4f6 Kf8
19.Qd1a4 Ne7c6
20.Bc4d3 d5
21.Bd3xg6 Nh5f4
22.Bg6h5 Nf4xh5
23.Nf6xh5 Ke7
24.b4 Ba5b6
25.Qa4c2 Rh8f8
26.Qc2h7 Rf8f7
27.Qh7h8 Nc6b8
28.Qh8xc8 Rf7f8
29.Qc8xb7 Nb8d7
30.Qb7xd5 Ra8d8
 { time }
0-1

[Event "Tourn. n10301"]
[Site "www.chess-mail.com"]
[Date "2020.03.26"]
[Round "1"]
[White "Cal"]
[Black "Iko"]
[WhiteElo "1680"]
[BlackElo "1720"]
[Result "1-0"]
[Round "1"]
1.c4 e5
2.e4 Ng8f6
3.d3 Bf8d6
4.a3 O-O
5.Bc1g5 h6
6.Bg5xf6 Qd8xf6
7.Ng1f3 Rf8e8
8.h3 Re8e6
9.Nb1c3 Nb8c6
10.Nc3d5 Qf6d8
11.Bf1e2 a5
12.O-O Nc6e7
13.Nf3h4 c6
14.Nd5e3 Qd8b6
15.b3 g5
16.Nh4f3 Re6g6
17.Qd1c2 Bd6c5
18.Nf3xe5 Rg6e6
19.Ne5g4 h5
20.Ng4h2 Bc5xe3
21.fxe3 Qb6xe3
22.Rf1f2 Re6f6
23.Be2f3 Qe3d4
24.Ra1e1 Qd4e5
25.b4 axb4
26.axb4 c5
27.b5 Ne7g6
28.Bf3xh5 Qe5d4
29.Nh2f3 Ra8a3
30.Nf3xd4 cxd4
31.Bh5xg6 Rf6xg6
32.g4 Ra3c3
33.Qc2d2 f6
34.e5 fxe5
35.Re1xe5 d6
36.Re5e8 Kh7
37.Rf2f7 Kh6
38.Re8h8 
1-0

[Event "Tourn. n10326"]
[Site "www.chess-mail.com"]
[Date "2020.03.26"]
[Round "1"]
[White "Ket"]
[Black "Guidom"]
[WhiteElo "2109"]
[BlackElo "2110"]
[Result "1-0"]
[Round "1"]
1.e4 e5
2.f4 exf4
3.Ng1f3 d5
4.exd5 Qd8xd5
5.Nb1c3 Qd5d8
6.Bf1c4 Bf8e7
7.O-O Bc8g4
8.Bc4xf7 Kf8
9.Bf7b3 Ng8f6
10.d4 Qd8d6
11.Qd1d3 Nb8c6
12.Nf3g5 Qd6xd4
13.Qd3xd4 Nc6xd4
14.Bc1xf4 h6
15.Ng5e4 c6
16.Ne4xf6 Be7xf6
17.Bf4e5 Nd4xb3
18.axb3 Kf7
19.Nc3e4 Rh8f8
20.Ne4xf6 gxf6
21.Rf1xf6 Ke7
22.Rf6xh6 { resign }
1-0

[Event "Tourn. n10309"]
[Site "www.chess-mail.com"]
[Date "2020.03.26"]
[Round "1"]
[White "Bigrezi"]
[Black "Pariolinius"]
[WhiteElo "2200"]
[BlackElo "2000"]
[Result "0-1"]
[Round "1"]
1.e4 c6
2.d4 d5
3.exd5 cxd5
4.c4 e6
5.Ng1f3 Bf8e7
6.Nb1c3 Ng8f6
7.c5 Nb8c6
8.Bf1b5 Bc8d7
9.a3 a6
10.Bb5d3 O-O
11.O-O Ra8c8
12.b4 Nc6a7
13.h3 Na7b5
14.Nc3xb5 Bd7xb5
15.Bd3xb5 axb5
16.Bc1e3 Nf6e4
17.Qd1c2 f5
18.Qc2d3 f4
19.Be3c1 Qd8e8
20.Rf1e1 Qe8g6
21.Nf3e5 Qg6f5
22.Qd3f3 Ne4g5
23.Qf3d1 Ng5e4
24.Qd1c2 Be7h4
25.Re1f1 Bh4f6
26.f3 Ne4g3
27.Qc2xf5 Ng3xf5
28.Bc1xf4 Nf5xd4
29.Ne5g4 Nd4e2
{ resign }
0-1

[Event "Tourn. n10306"]
[Site "www.chess-mail.com"]
[Date "2020.03.26"]
[Round "1"]
[White "Ranjachess"]
[Black "Cal"]
[WhiteElo "1830"]
[BlackElo "1750"]
[Result "1-0"]
[Round "1"]
1.d4 d5
2.Bc1f4 Nb8c6
3.e3 h6
4.Bf1b5 Bc8d7
5.c4 Ng8f6
6.Nb1c3 a6
7.cxd5 Nc6a5
8.Qd1a4 c6
9.dxc6 axb5
10.cxd7 Nf6xd7
11.Nc3xb5 b6
12.Nb5c7 Qd8xc7
13.Bf4xc7 e6
14.Bc7xb6 Bf8d6
15.Bb6xa5 Ke7
16.b4 Nd7b6
17.Qa4c6 Nb6d5
18.e4 Rh8c8
19.Qc6b7 Kf6
20.e5 Bd6xe5
21.dxe5 Kxe5
22.Qb7xf7 Rc8f8
23.Ng1f3 Kd6
24.Qf7xg7 Rf8g8
25.Qg7e5 Ke7
26.Ra1d1 Rg8g5
27.Nf3xg5 hxg5
28.Rd1xd5 Ra8f8
29.Qe5xg5 Rf8f6
30.Ba5d8 Kf7
31.Qg5xf6 { resign }
1-0

[Event "Match"]
[Site "www.echecsemail.com"]
[Date "2020.03.26"]
[Round "1"]
[White "Bjonil60"]
[Black "Sonny1000"]
[WhiteElo "1470"]
[BlackElo "1640"]
[Result "0-1"]
[Round "1"]
1.e4 e5
2.d4 d5
3.Nb1c3 c6
4.Qd1e2 Bf8e7
5.exd5 exd4
6.Nc3d1 g6
7.Qe2c4 c5
8.Qc4b5 Qd8d7
9.Qb5c4 b5
 { time }
0-1

[Event "Match"]
[Site "www.echecsemail.com"]
[Date "2020.03.26"]
[Round "1"]
[White "Sonny1000"]
[Black "Bjonil60"]
[WhiteElo "1640"]
[BlackElo "1470"]
[Result "1-0"]
[Round "1"]
1.e4 d5
2.e5 Nb8c6
3.c3 e6
4.Qd1g4 g6
5.d4 a6
6.Ng1f3 b6
7.Bc1g5 Bf8e7
8.Bg5xe7 Qd8xe7
9.Nb1d2 h5
10.Qg4f4  { time }
1-0

[Event "Match"]
[Site "www.echecsemail.com"]
[Date "2020.03.26"]
[Round "1"]
[White "Libiesse"]
[Black "Apdash"]
[WhiteElo "2030"]
[BlackElo "2210"]
[Result "0-1"]
[Round "1"]
1.Ng1f3 d5
2.d4 Ng8f6
3.g3 c5
4.Bf1g2 Nb8c6
5.O-O cxd4
6.Nf3xd4 e5
7.Nd4xc6 bxc6
8.Bc1g5 Bf8e7
9.Rf1e1 O-O
10.e4 Qd8b6
11.b3 Bc8g4
12.Qd1d3 dxe4
13.Bg2xe4 Nf6xe4
14.Qd3xe4 Be7xg5
15.Qe4xg4 Bg5f6
16.Re1e4 g6
17.Nb1d2 Bf6g7
18.Nd2c4 Qb6c5
19.Ra1d1 Rf8e8
20.Rd1e1 f5
{ resign }
0-1

[Event "Match"]
[Site "www.echecsemail.com"]
[Date "2020.03.26"]
[Round "1"]
[White "Picifarkinca"]
[Black "Fereike"]
[WhiteElo "1620"]
[BlackElo "1570"]
[Result "1-0"]
[Round "1"]
1.e4 e6
2.d4 d5
3.Nb1c3 Bf8b4
4.Qd1g4 Kf8
5.e5 c5
6.Bc1d2 Nb8c6
7.Ng1e2 cxd4
8.Ne2xd4 h5
9.Nd4xc6 bxc6
10.Qg4xb4  { time }
1-0

[Event "Tourn. n10280"]
[Site "www.chess-mail.com"]
[Date "2020.03.26"]
[Round "1"]
[White "Jazzy"]
[Black "Destructor"]
[WhiteElo "2290"]
[BlackElo "2510"]
[Result "0-1"]
[Round "1"]
1.e4 c5
2.Ng1f3 Nb8c6
3.d4 cxd4
4.Nf3xd4 Ng8f6
5.Nb1c3 e5
6.Nd4b5 d6
7.Bc1g5 a6
8.Nb5a3 b5
9.Nc3d5 Bf8e7
10.Bg5xf6 Be7xf6
11.c4 b4
12.Na3c2 a5
13.Bf1e2 O-O
14.O-O Bf6g5
15.b3 Bc8e6
16.Be2g4 Ra8b8
17.Bg4xe6 fxe6
18.Nd5e3 Rf8f7
19.Qd1d3 Qd8c7
20.Ra1d1 Bg5e7
21.Rf1e1 Nc6d8
22.f3 Nd8b7
23.Re1e2 Nb7c5
24.Qd3d2 h5
25.Nc2e1 a4
26.Qd2c2 Be7g5
27.Ne1d3 axb3
28.axb3 Rb8a8
29.Kh1 Ra8a3
30.Nd3xc5 dxc5
31.Qc2b2 Rf7d7
32.Rd1e1 Rd7d3
33.Ne3d5 exd5
34.exd5 Ra3xb3
35.Qb2xe5 Qc7xe5
36.Re2xe5 Bg5d2
{ resign }
0-1

[Event "Match"]
[Site "www.echecsemail.com"]
[Date "2020.03.26"]
[Round "1"]
[White "Roma753"]
[Black "Calponas"]
[WhiteElo "2160"]
[BlackElo "2070"]
[Result "1-0"]
[Round "1"]
1.d4 Ng8f6
2.c4 g6
3.Nb1c3 d5
4.cxd5 Nf6xd5
5.e4 Nd5xc3
6.bxc3 Bf8g7
7.Ng1f3 c5
8.Ra1b1 O-O
9.Bf1e2 cxd4
10.cxd4 Qd8a5
11.Bc1d2 Qa5xa2
12.O-O Nb8c6
13.d5 Nc6e5
14.Nf3xe5 Bg7xe5
15.Bd2g5 Rf8e8
16.Be2b5 f6
17.Bb5xe8 fxg5
18.Be8b5 a6
19.Bb5e2 b5
20.Be2g4 h6
21.Bg4xc8 Ra8xc8
22.Qd1g4 Rc8c2
23.Qg4e6 { resign }
1-0

[Event "Match"]
[Site "www.echecsemail.com"]
[Date "2020.03.27"]
[Round "1"]
[White "Ll69"]
[Black "Dussek"]
[WhiteElo "2290"]
[BlackElo "1930"]
[Result "1-0"]
[Round "1"]
1.d4 d5
2.Ng1f3 e6
3.c4 Bf8e7
4.g3 Ng8f6
5.Bf1g2 O-O
6.O-O c6
7.Nb1c3 Nb8d7
8.b3 b6
9.Bc1b2 Bc8b7
10.e3 c5
11.cxd5 Nf6xd5
12.Nc3xd5 Bb7xd5
13.dxc5 Be7xc5
14.Ra1c1 Nd7f6
15.Bb2d4 Bc5a3
16.Rc1c2 Bd5e4
17.Rc2d2 Qd8e7
18.Bd4xf6 Qe7xf6
19.Nf3d4 Be4xg2
20.Kxg2 Ra8c8
21.Nd4b5 Ba3b4
22.Nb5xa7 Rc8a8
23.Rd2d7 Bb4c5
24.Qd1c2 Qf6e5
25.Na7c6 Qe5f6
26.b4 e5
27.Qc2e4 Bc5d6
28.Qe4d5 Bd6b8
29.Nc6e7 Kh8
30.Qd5xa8 Qf6e6
31.Rd7b7 g6
32.Rb7xb8 Rf8xb8
33.Qa8xb8 Kg7
34.Qb8g8 Kf6
35.Rf1c1 Qe6xe7
36.Rc1c6 Kf5
37.Qg8c8 Kg5
38.Rc6xb6 f6
39.Rb6b7 Qe7d6
40.f4 exf4
41.exf4 { resign }
1-0

[Event "Tourn. n10269"]
[Site "www.chess-mail.com"]
[Date "2020.03.27"]
[Round "1"]
[White "Seger"]
[Black "Chessutopia"]
[WhiteElo "2800"]
[BlackElo "2569"]
[Result "1-0"]
[Round "1"]
1.e4 c5
2.g3 g6
3.Bf1g2 Bf8g7
4.d3 Nb8c6
5.f4 b6
6.c3 Ng8h6
7.Qd1e2 d6
8.Ng1f3 O-O
9.O-O e6
10.b3 Bc8b7
11.Bc1b2 b5
12.h3 a5
13.Nb1d2 a4
14.bxa4 Ra8xa4
15.a3 Nc6a5
16.Ra1b1 Qd8d7
17.Nf3h4 f6
18.Kh2 Kh8
19.Rb1e1 e5
20.f5 g5
21.Nh4f3 g4
22.Nf3h4 Rf8c8
23.hxg4 c4
24.Bg2h3 Nh6f7
25.Nd2f3 cxd3
26.Qe2xd3 Na5b3
27.g5 Nb3c5
28.Qd3d1 Nc5xe4
29.g6 Bg7f8
30.gxf7 Qd7xf7
31.Rf1g1 Ne4xc3
32.Qd1d2 Nc3e4
33.Qd2e3 b4
34.Re1a1 Qf7g8
35.Rg1g2 b3
36.Ra1c1 Rc8xc1
37.Bb2xc1 Qg8c4
38.Bc1b2 Bb7d5
39.Nf3e1 Ne4g5
40.Rg2f2 Qc4e4
41.Qe3xe4 Ng5xe4
42.Rf2e2 Ne4c5
43.Re2d2 Bd5c4
44.Bh3g2 Kg7
45.g4 Kf7
46.Bg2c6 Ra4a6
47.Bc6d5 Bc4xd5
48.Rd2xd5 Nc5a4
49.Ne1d3 Ra6c6
50.Nh4g2  { time }
1-0

[Event "Pariolinius great tourney"]
[Site "www.echecsemail.com"]
[Date "2020.03.27"]
[Round "1"]
[White "Aders1"]
[Black "Fegatux"]
[WhiteElo "2350"]
[BlackElo "2250"]
[Result "1-0"]
[Round "1"]
1.Ng1f3 Ng8f6
2.g3 g6
3.Bf1g2 Bf8g7
4.O-O O-O
5.d3 d5
6.Nb1d2 Nb8d7
7.e4 dxe4
8.dxe4 e5
9.b3 Qd8e7
10.a4 b6
11.Qd1e2  { time }
1-0

[Event "Tourn. n10307"]
[Site "www.chess-mail.com"]
[Date "2020.03.27"]
[Round "1"]
[White "Odin"]
[Black "Madz123456"]
[WhiteElo "1800"]
[BlackElo "1820"]
[Result "0-1"]
[Round "1"]
1.d4 Ng8f6
2.Nb1c3 d5
3.Bc1g5 Nb8d7
4.Ng1f3 e6
5.e4 h6
6.Bg5h4 g5
7.e5 gxh4
8.exf6 Qd8xf6
9.Bf1d3 a6
10.O-O Bf8e7
11.Rf1e1 c5
12.Nf3e5 cxd4
13.Ne5xd7 Bc8xd7
14.Nc3e2 Rh8g8
15.Kh1 e5
 { time }
0-1

[Event "Match"]
[Site "www.echecsemail.com"]
[Date "2020.03.27"]
[Round "1"]
[White "Orae"]
[Black "Whitekknight"]
[WhiteElo "1720"]
[BlackElo "1880"]
[Result "1-0"]
[Round "1"]
1.e4 e5
2.Bf1c4 Nb8c6
3.Qd1f3 Ng8f6
4.Nb1c3 Bf8c5
5.Nc3d5 O-O
6.d3 h6
7.Qf3g3 Nc6d4
8.Bc1xh6 Nf6h5
9.Qg3g4 d6
10.Qg4xh5 Nd4e6
11.Bh6d2 c6
12.Nd5c3 Qd8f6
13.Ng1f3 Ne6f4
14.Bd2xf4 exf4
15.Nf3g5 Qf6h6
16.Qh5xh6 { resign }
1-0

[Event "Match"]
[Site "www.echecsemail.com"]
[Date "2020.03.27"]
[Round "1"]
[White "Dahlia"]
[Black "Elynhajdur"]
[WhiteElo "1809"]
[BlackElo "2609"]
[Result "1-0"]
[Round "1"]
1.e4 c6
2.d4 d5
3.Nb1c3 dxe4
4.Nc3xe4 Bc8g4
5.f3 Ng8f6
6.fxg4 Nf6xg4
7.Qd1xg4 g5
8.Ne4xg5 c5
9.Bf1b5 Nb8d7
10.Bb5xd7 Qd8xd7
11.Qg4xd7 Kxd7
12.Ng5xf7 cxd4
13.Nf7xh8 { resign }
1-0

[Event "Match"]
[Site "www.echecsemail.com"]
[Date "2020.03.27"]
[Round "1"]
[White "Dahlia"]
[Black "Elynhajdur"]
[WhiteElo "1809"]
[BlackElo "2609"]
[Result "1-0"]
[Round "1"]
1.e4 c5
2.Ng1f3 e6
3.d4 cxd4
4.Nf3xd4 Nb8c6
5.Nb1c3 a6
6.g3 Qd8c7
7.Bf1g2 Ng8f6
8.O-O Bf8e7
9.Rf1e1 Nc6xd4
10.Qd1xd4 Be7c5
11.Qd4d1 d5
12.exd5 Nf6xd5
13.Nc3xd5 { resign }
1-0

[Event "1/128 Finale"]
[Site "www.chess-mail.com"]
[Date "2020.03.27"]
[Round "1"]
[White "Aders1"]
[Black "Odin"]
[WhiteElo "2350"]
[BlackElo "1790"]
[Result "1-0"]
[Round "1"]
1.Ng1f3 c5
2.g3 Nb8c6
3.Bf1g2 e6
4.O-O d5
5.d3 Ng8f6
6.Nb1d2 g6
7.e4 Bf8g7
8.exd5 Nf6xd5
9.Nd2e4 O-O
10.Ne4xc5 b6
11.Nc5b3 Bc8b7
12.c3 Nd5e7
13.Qd1c2 Ra8c8
14.Rf1d1 Nc6b4
15.Qc2e2 Nb4a6
16.Bc1f4 Ne7f5
17.d4 Na6c7
18.Nb3d2 Nc7d5
19.Bf4e5 f6
20.Be5f4 g5
21.Qe2xe6 Kh8
22.Qe6xf5 gxf4
23.c4 Nd5e7
24.Qf5xf4 Ne7g6
25.Qf4e3 Rf8e8
26.Qe3d3 Qd8c7
27.b3 Rc8d8
28.Rd1e1 Ng6e5
29.Nf3xe5 fxe5
30.Bg2xb7 Qc7xb7
31.Ra1d1 Rd8xd4
32.Qd3f3 Qb7xf3
33.Nd2xf3  { time }
1-0

[Event "Match"]
[Site "www.echecsemail.com"]
[Date "2020.03.27"]
[Round "1"]
[White "Dahlia"]
[Black "Laraewaunnur"]
[WhiteElo "2539"]
[BlackElo "2329"]
[Result "1-0"]
[Round "1"]
1.e4 e5
2.Ng1f3 f5
3.Bf1c4 fxe4
4.Nf3xe5 Qd8g5
5.d4 Qg5xg2
6.Ne5f7 Qg2xh1
7.Kd2 Qh1xd1
8.Kxd1 Nb8c6
9.Nf7xh8 d6
10.Bc4f7 Kd8
11.Bc1g5 { resign }
1-0

[Event "Tourn. n10326"]
[Site "www.chess-mail.com"]
[Date "2020.03.27"]
[Round "1"]
[White "Malbertan"]
[Black "Ket"]
[WhiteElo "2080"]
[BlackElo "2119"]
[Result "0-1"]
[Round "1"]
1.e4 c5
2.Ng1f3 Nb8c6
3.d4 cxd4
4.Nf3xd4 e6
5.Nb1c3 Ng8f6
6.Bc1g5 Bf8e7
7.Bf1e2 Qd8a5
8.Qd1d2 Nc6xd4
9.Qd2xd4 Qa5xg5
10.O-O O-O
11.f4 Qg5a5
{ resign }
0-1

[Event "Tourn. n10329"]
[Site "www.chess-mail.com"]
[Date "2020.03.27"]
[Round "1"]
[White "Add"]
[Black "Ket"]
[WhiteElo "2100"]
[BlackElo "2090"]
[Result "0-1"]
[Round "1"]
1.e4 c5
2.Ng1f3 Nb8c6
3.d4 cxd4
4.Nf3xd4 Ng8f6
5.Nd4xc6 bxc6
6.e5 Qd8a5
7.c3 Qa5xe5
8.Bc1e3 Nf6d5
9.Qd1d2 Nd5xe3
10.Qd2xe3 Qe5xe3
11.fxe3 e5
12.Nb1d2 Bf8c5
13.Kf2 d5
14.Nd2b3 Bc5b6
15.Bf1e2 O-O
16.Rh1e1 f5
17.Kf1 Bb6xe3
18.Be2f3 Be3b6
19.Re1xe5 Bc8a6
20.Ke1 Ra8e8
21.Re5xe8 Rf8xe8
22.Kd1 g5
23.h3 Kg7
24.Nb3d4 Bb6xd4
25.cxd4 Re8e3
26.Kd2 Re3d3
27.Kc2 Rd3xd4
28.Ra1e1 Kf6
29.b3 g4
30.hxg4 fxg4
31.Bf3d1 Rd4f4
32.g3 Rf4f2
33.Kb1 h5
34.Bd1c2 Rf2f3
35.Re1g1 Rf3f1
36.Rg1xf1 Ba6xf1
37.Kc1 h4
{ resign }
0-1

[Event "Pariolinius great tourney"]
[Site "www.echecsemail.com"]
[Date "2020.03.28"]
[Round "1"]
[White "Ket"]
[Black "Pariolinius"]
[WhiteElo "2029"]
[BlackElo "2030"]
[Result "0-1"]
[Round "1"]
1.e4 e6
2.d4 d5
3.Nb1c3 Ng8f6
4.e5 Nf6d7
5.Qd1g4 c5
6.Ng1f3 h6
7.Bf1b5 a6
8.Bb5xd7 Nb8xd7
9.O-O Qd8b6
10.dxc5 Nd7xc5
11.Ra1b1 Nc5d7
12.Bc1e3 Qb6c7
13.Rf1e1 Nd7xe5
14.Nf3xe5 Qc7xe5
15.Be3d4 Qe5g5
16.Qg4xg5 hxg5
17.Nc3xd5 Bf8d6
18.Nd5b6 Ra8b8
19.Bd4e5 Bd6xe5
20.Re1xe5 f6
21.Re5c5 O-O
22.Rc5c7 Rf8d8
23.Rb1e1 e5
24.g3 Bc8f5
25.c3 Bf5c2
26.Re1e2 Rd8d1
27.Kg2 Bc2d3
28.Re2e3 e4
29.Nb6d7 Rb8d8
30.Rc7xb7 Bd3b5
31.Nd7c5 Bb5f1
{ resign }
0-1